| 000 | 00375nam a2200145Ia 4500 | ||
|---|---|---|---|
| 003 | GCL | ||
| 008 | 140319s9999 xx 000 0 ara d | ||
| 040 |
_aGCL / _cGCL |
||
| 082 | 0 | 4 |
_a413.028 _bد ق |
| 245 | 1 | 0 | _aقاموس تصريف الافعال 8000 فعل |
| 490 | _a | ||
| 650 | 0 | 4 | _aالنحو |
| 650 | 0 | 4 | _aاللغة العربية - المعاجم |
| 942 |
_2ddc _cBK |
||
| 999 |
_c44715 _d44715 |
||